00441nam a22001577a 450000500170000001000150001702000260003203500140005803700130007208200110008510000160009624500770011226000350018927000390022430000200026320170503153311.0 aENG-118032 a9788180642333c250.00 aEN-101564 bDBAD/PUC a230.61 aSaha,Tripti aConcept of nationalism in the ramayana and mahabharata /cby Saha Tripti aKolkatabSri Kamal Mitrac2016 a37A, Collage Street,Kolkata-700073 a239pc22cm.[Hb]